000 00615nam a2200205Ii 4500
001 13398
003 CO-ViMGA
008 241108s9999||||xx |||||||||||||| ||und||
040 _aCO-ViMGA
_bspa
_erda
_cCO-ViMGA
041 0 _aspa
082 0 4 _aF.FC 759.986 - A71f
110 1 _aMuseo de Museos
_953001
245 1 0 _aNaturaleza muerta e historia del arte, Felipe Arango
264 1 _aBogotá, Colombia : Colsubsidio, 1999
300 _avolumen
336 _atext
_btxt
_2rdacontent
337 _aunmediated
_bn
_2rdamedia
338 _avolume
_bnc
_2rdacarrier
940 _aidficha_siabuc: 13100. -- ficha_no_siabuc:13398
999 _c48369
_d48369